00705nam a22002537a 450000500170000000800410001702000230005804100080008108200170008910000170010624500780012325000120020126000390021330000250025249000110027750400100028865000190029870000200031770000270033770000250036470000210038970000200041070000210043020260506110849.0260506b |||||||| |||| 00| 0 eng d a9780199244492qhbk aeng a341.232 SIM aSimma, Bruno aThe Charter Of The United Nations:bA Commentaryc/edited by Bruno Simma; a2nd ed. aUSAbOxford University Pressc2002 alxiv, 895p. :c26cm. vvol. 1 aindex aLaw of nations aMosler, Hermann aRandelzhofer, Albrecht aTomuschat, Christian aWolfrum, Rudiger aPaulus, Andreas aChaitidou, Eleni